辽宁人口最多的20个县级行政区 20 most populous county-level regions in Liaoning - Statistics

General Stats
  • This quiz has been taken 51 times
  • The average score is 17 of 20
Answer Stats
人口 地市 县区 % Correct
91 大连市 瓦房店市
100%
155 大连市 金州区
97%
63 大连市 普兰店区
95%
184 大连市 甘井子区
92%
134 沈阳市 铁西区
90%
88 沈阳市 皇姑区
90%
74 大连市 庄河市
90%
73 沈阳市 和平区
87%
62 沈阳市 沈北新区
87%
107 鞍山市 海城市
85%
80 沈阳市 浑南区
85%
75 沈阳市 大东区
85%
78 沈阳市 沈河区
82%
67 大连市 沙河口区
79%
57 沈阳市 新民市
79%
107 沈阳市 于洪区
77%
57 丹东市 东港市
77%
56 营口市 盖州市
72%
61 营口市 大石桥市
69%
71 铁岭市 昌图县
62%
No matching quizzes found
Score Distribution
Percent of People with Each Score
Percentile by Number Answered
Your Score History
You have not taken this quiz